[Event "26th EUR-ch"]
[Site "Katowice POL"]
[Date "2026.04.14"]
[Round "7.133"]
[White "Petrovic, Aleksa"]
[Black "Lewtak, Damian"]
[Result "1/2-1/2"]
[WhiteElo "2178"]
[BlackElo "2331"]
[EventDate "2026.04.07"]
[PlyCount "105"]

1.d4 Nf6 2.Nf3 g6 3.Bf4 Bg7 4.e3 O-O 5.Be2 d6 6.O-O Nfd7 7.h3 e5 8.Bh2 Qe7
9.c4 e4 10.Nfd2 Nf6 11.Nc3 c6 12.b4 Re8 13.c5 d5 14.b5 Be6 15.bxc6 Nxc6 
16.Nb5 Red8 17.Rb1 Ne8 18.Nd6 Rd7 19.N2xe4 dxe4 20.d5 Be5 21.Bxe5 Nxe5 22.
dxe6 Qxe6 23.Rxb7 Rxb7 24.Nxb7 Rb8 25.Nd6 Nxd6 26.cxd6 Qxa2 27.Qd4 f6 28.
f4 exf3 29.Bxf3 Nxf3+ 30.Rxf3 f5 31.e4 Rb2 32.Qd5+ Qxd5 33.exd5 Rb6 34.Ra3
Rxd6 35.Rxa7 Rxd5 36.Kf2 Rd8 37.Kf3 Rf8 38.g4 Rf7 39.Ra8+ Kg7 40.gxf5 
Rxf5+ 41.Kg3 Rf7 42.Ra6 Rb7 43.Rc6 Rb3+ 44.Kg2 Kh6 45.Rc5 Rb7 46.Ra5 Rf7 
47.Kg3 Rf5 48.Ra7 Rb5 49.Rc7 g5 50.Kg4 Rb4+ 51.Kg3 Kg6 52.Rc6+ Kh5 53.Ra6 
1/2-1/2

[Event "26th EUR-ch"]
[Site "Katowice POL"]
[Date "2026.04.14"]
[Round "7.134"]
[White "Brzezina, Piotr"]
[Black "Tezcan, Alper"]
[Result "1-0"]
[WhiteElo "2327"]
[BlackElo "2122"]
[EventDate "2026.04.07"]
[PlyCount "61"]

1.e4 e5 2.Nf3 Nf6 3.d4 Nxe4 4.dxe5 d5 5.Nbd2 Qd7 6.Bd3 Nc5 7.Be2 Ne6 8.O-O
Be7 9.c4 d4 10.Ne4 c5 11.Bd3 Nc6 12.Re1 h6 13.a3 Qc7 14.Ng3 g6 15.h4 Bd7 
16.Bd2 a5 17.h5 g5 18.Nf5 Bf8 19.Qe2 a4 20.Nh2 O-O-O 21.Ng4 Nf4 22.Bxf4 
gxf4 23.Qf3 Be6 24.Qxf4 Na5 25.Rac1 Qb6 26.Ngxh6 Qxb2 27.Nxf7 Bxf7 28.e6 
Bxe6 29.Rxe6 Nb3 30.Rd1 Qxa3 31.Ne7+ 1-0

[Event "26th EUR-ch"]
[Site "Katowice POL"]
[Date "2026.04.14"]
[Round "7.135"]
[White "Krzywda, Andrzej"]
[Black "Zawadzka, Jolanta"]
[Result "1-0"]
[WhiteElo "2172"]
[BlackElo "2324"]
[EventDate "2026.04.07"]
[PlyCount "71"]

1.e4 c5 2.Nf3 Nc6 3.Bb5 g6 4.c3 Nf6 5.e5 Nd5 6.O-O Bg7 7.d4 Nc7 8.Ba4 cxd4
9.cxd4 b5 10.Bb3 O-O 11.Qe2 d6 12.Rd1 a5 13.Ng5 d5 14.Nc3 Ba6 15.Qg4 e6 
16.Qh3 h6 17.Nf3 g5 18.Qg3 b4 19.h4 bxc3 20.hxg5 h5 21.bxc3 Ne7 22.Qh3 Ng6
23.Qxh5 Nb5 24.Bd2 Qc7 25.Rac1 Na3 26.Re1 Rfb8 27.Nh2 Nc4 28.Bxc4 Qxc4 29.
Ng4 Kf8 30.Qh7 Ra7 31.Nf6 Ne7 32.g6 Qd3 33.Bh6 Qxg6 34.Qh8+ Ng8 35.Qxg8+ 
Ke7 36.Qxb8 1-0

[Event "26th EUR-ch"]
[Site "Katowice POL"]
[Date "2026.04.14"]
[Round "7.136"]
[White "Tirpan, Ceren"]
[Black "Baerwinkel, Tobias"]
[Result "0-1"]
[WhiteElo "2167"]
[BlackElo "2323"]
[EventDate "2026.04.07"]
[PlyCount "76"]

1.c4 c5 2.Nc3 Nf6 3.g3 d5 4.cxd5 Nxd5 5.Bg2 Nc7 6.d3 e5 7.Be3 Be7 8.Rc1 
Nd7 9.Nf3 b6 10.Qa4 O-O 11.O-O Rb8 12.Nd2 a5 13.Nb5 Nxb5 14.Qxb5 Bd6 15.
Ne4 Bc7 16.a3 Kh8 17.b4 f5 18.Nc3 f4 19.Bd2 cxb4 20.axb4 Nf6 21.Qc4 Bd6 
22.Nb5 Ba6 23.Bc6 Qe7 24.Qb3 Bxb4 25.Bxb4 axb4 26.Ra1 Bxb5 27.Bxb5 fxg3 
28.hxg3 Ng4 29.Qd5 Qg5 30.Qg2 e4 31.Bc6 e3 32.f4 Qh6 33.Bf3 Nf2 34.Qh2 Qd6
35.Qh5 Rbe8 36.Rab1 Re6 37.Qd5 Qe7 38.Qg5 Nh3+ 0-1

[Event "26th EUR-ch"]
[Site "Katowice POL"]
[Date "2026.04.14"]
[Round "7.137"]
[White "Qalichava, Akaki"]
[Black "Hasson Schrager, Shalev"]
[Result "1-0"]
[WhiteElo "2322"]
[BlackElo "2110"]
[EventDate "2026.04.07"]
[PlyCount "77"]

1.e4 e5 2.Nf3 Nc6 3.Bb5 a6 4.Ba4 Nf6 5.O-O b5 6.Bb3 Bc5 7.d3 d6 8.a4 Rb8 
9.Nc3 Bg4 10.Be3 Nd4 11.Bxd4 Bxd4 12.axb5 axb5 13.h3 Bxf3 14.Qxf3 O-O 15.
Ra2 Nd7 16.Ne2 Bb6 17.c3 Nc5 18.Bc2 Ne6 19.b4 Kh8 20.Bb3 Qe7 21.Kh2 g6 22.
Ng3 Ng7 23.Qe2 Qh4 24.Qg4 Qh6 25.f4 f5 26.exf5 Nxf5 27.fxe5 Nxg3 28.Rxf8+ 
Rxf8 29.Qxg3 Qc1 30.d4 Qb1 31.Bd5 Qf5 32.Re2 c5 33.Be4 Qf1 34.exd6 Bd8 35.
Re1 Qc4 36.bxc5 b4 37.c6 bxc3 38.c7 Bxc7 39.Qe5+ 1-0

[Event "26th EUR-ch"]
[Site "Katowice POL"]
[Date "2026.04.14"]
[Round "7.138"]
[White "Gradalski, Olaf"]
[Black "Warchol, Kamil"]
[Result "1-0"]
[WhiteElo "2167"]
[BlackElo "2322"]
[EventDate "2026.04.07"]
[PlyCount "109"]

1.e4 c5 2.Nf3 d6 3.d4 cxd4 4.Nxd4 Nf6 5.Nc3 Nc6 6.Bb5 Bd7 7.Bg5 h6 8.Bxf6 
gxf6 9.Nf5 h5 10.O-O a6 11.Bxc6 Bxc6 12.Re1 e6 13.Nd4 Bd7 14.Qf3 Be7 15.
Rad1 Qa5 16.Qe3 O-O-O 17.Nb3 Qc7 18.Qa7 Qb8 19.Qd4 Qc7 20.Re3 Kb8 21.Nd5 
exd5 22.Rc3 Bc6 23.exd5 Rc8 24.dxc6 bxc6 25.Qc4 d5 26.Qxa6 Qb7 27.Qa4 Qb4 
28.Qa6 Qb7 29.Qd3 Bb4 30.Nc5 Bxc5 31.Rxc5 Rhe8 32.Rc3 Re4 33.Rb3 Rb4 34.
Qg3+ Ka7 35.Ra3+ Kb6 36.Qc3 Qe7 37.Re1 Qd6 38.Qd3 Rb5 39.c4 Qb4 40.Qe3+ d4
41.Qxd4+ Qc5 42.Qc3 Rb4 43.Rb3 Rxb3 44.Qxb3+ Ka6 45.h3 Rd8 46.Qa4+ Kb7 47.
b4 Qd6 48.b5 c5 49.Qb3 Kb6 50.Qf3 h4 51.a4 Rd7 52.a5+ Kxa5 53.Ra1+ Kb4 54.
Rb1+ Ka5 55.b6 1-0

[Event "26th EUR-ch"]
[Site "Katowice POL"]
[Date "2026.04.14"]
[Round "7.139"]
[White "Kejna, Piotr"]
[Black "Bochniak, Franciszek"]
[Result "1-0"]
[WhiteElo "2311"]
[BlackElo "2107"]
[EventDate "2026.04.07"]
[PlyCount "45"]

1.d4 Nf6 2.c4 b6 3.Nc3 Bb7 4.Qc2 d5 5.cxd5 Nxd5 6.e4 Nxc3 7.bxc3 e6 8.Nf3 
Be7 9.Bf4 O-O 10.Bd3 c5 11.d5 exd5 12.exd5 Qxd5 13.O-O Qh5 14.Rae1 Nc6 15.
Re3 g6 16.Nd2 Bg5 17.Ne4 Be7 18.Bd6 f6 19.Bc4+ Kg7 20.Bxe7 Nxe7 21.Ng3 Qg4
22.Rxe7+ Kh8 23.Be6 1-0

[Event "26th EUR-ch"]
[Site "Katowice POL"]
[Date "2026.04.14"]
[Round "7.140"]
[White "Zareba, Piotr"]
[Black "Diachek, Andrii"]
[Result "1/2-1/2"]
[WhiteElo "2143"]
[BlackElo "2309"]
[EventDate "2026.04.07"]
[PlyCount "136"]

1.e4 e5 2.Nf3 Nc6 3.Bc4 Bc5 4.c3 Nf6 5.d3 d6 6.O-O a6 7.a4 Ba7 8.Bg5 h6 9.
Bh4 g5 10.Bg3 Bg4 11.Nbd2 Qd7 12.Re1 Rg8 13.b4 a5 14.b5 Ne7 15.Qb3 Ng6 16.
d4 Qe7 17.dxe5 dxe5 18.Bd5 Rb8 19.h3 Bxf3 20.Nxf3 Kf8 21.Rad1 Nf4 22.Bxf4 
gxf4 23.Kf1 Nh5 24.Bc4 Bxf2 25.Bxf7 Bxe1 26.Bxg8 Bxc3 27.Qxc3 Ng3+ 28.Ke1 
Kxg8 29.Nxe5 Qb4 30.Qxb4 axb4 31.Nd3 Nxe4 32.Nxb4 Ra8 33.Rd4 Nc5 34.Nd3 
Nxd3+ 35.Rxd3 Rxa4 36.Rd8+ Kf7 37.Rd7+ Kf6 38.Rxc7 Ra2 39.Kf1 Rb2 40.Rxb7 
Kg6 41.Rb8 Kg7 42.b6 Kh7 43.h4 Kg6 44.b7 Kh5 45.Ke1 Kxh4 46.Kd1 Kh5 47.Kc1
Rb3 48.Kc2 Rb4 49.Kc3 Rb1 50.Kd4 Rb4+ 51.Ke5 Kh4 52.Kf5 Kh5 53.Kf6 Rb5 54.
Ke6 Rb6+ 55.Kd5 Rb2 56.Ke4 Rb4+ 57.Ke5 Kh4 58.Kf5 Kh5 59.Rg8 Rxb7 60.Kxf4 
Rb4+ 61.Kf5 Rb5+ 62.Kf4 Rb4+ 63.Kg3 Rb3+ 64.Kh2 Rb6 65.Kh3 Rg6 66.Rf8 Rg5 
67.Rf6 Ra5 68.Rf8 Kg6 1/2-1/2

[Event "26th EUR-ch"]
[Site "Katowice POL"]
[Date "2026.04.14"]
[Round "7.141"]
[White "Dovgaliuk, Oleksandr"]
[Black "Hertlein, Irena"]
[Result "1/2-1/2"]
[WhiteElo "2309"]
[BlackElo "2057"]
[EventDate "2026.04.07"]
[PlyCount "199"]

1.d4 d5 2.c4 e6 3.Nf3 Nf6 4.g3 Bd7 5.Bg2 dxc4 6.Ne5 Bc6 7.Nxc6 Nxc6 8.O-O 
Qd7 9.e3 e5 10.dxe5 Nxe5 11.Bxb7 Rb8 12.Bg2 Qxd1 13.Rxd1 Bc5 14.Nc3 O-O 
15.Na4 Bd6 16.Bd2 Nd3 17.Bc3 Ng4 18.Rd2 Bb4 19.h3 Bxc3 20.Nxc3 Ngxf2 21.
Rf1 Rfe8 22.Rfxf2 Nxf2 23.Kxf2 Re6 24.Bf1 Rf6+ 25.Kg2 Rd6 26.Rc2 Rbd8 27.
Ne4 Re6 28.Ng5 Re5 29.Nf3 Rxe3 30.Bxc4 h6 31.Kf2 Re7 32.a4 g6 33.a5 Kg7 
34.a6 Rd6 35.Re2 Rxe2+ 36.Kxe2 f5 37.b4 Rb6 38.b5 c6 39.Nd4 cxb5 40.Bxb5 
Kf6 41.Kd3 g5 42.Kc4 f4 43.gxf4 gxf4 44.Kc5 Kg5 45.Nc6 f3 46.Nxa7 Rxb5+ 
47.Nxb5 f2 48.a7 f1=Q 49.a8=Q Qxh3 50.Nd4 Qd7 51.Qg2+ Kf6 52.Qf3+ Kg6 53.
Qe4+ Kf6 54.Qh4+ Kg6 55.Nc6 Qf5+ 56.Kd4 Qf6+ 57.Ne5+ Kg7 58.Qg4+ Kh7 59.
Kd5 h5 60.Qxh5+ Kg7 61.Qg4+ Kh6 62.Qd7 Kg5 63.Qh7 Qf5 64.Qh8 Kf4 65.Qh4+ 
Ke3 66.Qe1+ Kf4 67.Qf2+ Kg5 68.Qh2 Qf4 69.Qg2+ Kh5 70.Ke6 Qh6+ 71.Kd7 Qh7+
72.Kc6 Qf5 73.Qh2+ Kg5 74.Kd5 Qf4 75.Qg2+ Kh5 76.Qg6+ Kh4 77.Qc2 Kg5 78.
Qd3 Qf5 79.Qe3+ Kh5 80.Qg3 Qf4 81.Qh3+ Kg5 82.Nf3+ Kg6 83.Qe6+ Kg7 84.Ne5 
Qd2+ 85.Ke4 Qg2+ 86.Kf5 Qc2+ 87.Kg5 Qd2+ 88.Kg4 Qg2+ 89.Kf4 Qd2+ 90.Ke4 
Qg2+ 91.Kd4 Qb2+ 92.Kc5 Qc3+ 93.Kd6 Qa3+ 94.Kd7 Qa7+ 95.Ke8 Qb8+ 96.Ke7 
Qb4+ 97.Kd8 Qb8+ 98.Kd7 Qa7+ 99.Kd6 Qa3+ 100.Kd7 1/2-1/2

[Event "26th EUR-ch"]
[Site "Katowice POL"]
[Date "2026.04.14"]
[Round "7.142"]
[White "Rzap, Filip"]
[Black "Sapocinic, Semion"]
[Result "1-0"]
[WhiteElo "2121"]
[BlackElo "2307"]
[EventDate "2026.04.07"]
[PlyCount "131"]

1.d4 Nf6 2.c4 e6 3.Nf3 d5 4.Nc3 Nbd7 5.Bf4 dxc4 6.e3 a6 7.a4 c5 8.Bxc4 
cxd4 9.exd4 Nb6 10.Bd3 Nbd5 11.Bg5 Be7 12.O-O Nb4 13.Bxf6 Bxf6 14.Be4 O-O 
15.Ne5 Qd6 16.Re1 Rb8 17.Qh5 g6 18.Qf3 Bg7 19.Rad1 Bd7 20.Qg3 Rbd8 21.Bxb7
Nc2 22.Re2 Nxd4 23.Re4 Bxe5 24.Qxe5 Qxe5 25.Rxe5 f6 26.Rc5 e5 27.Bxa6 Rb8 
28.Bc4+ Kh8 29.b3 Bf5 30.Nb5 Bc2 31.Rxd4 exd4 32.Nxd4 Be4 33.f3 Rfd8 34.
Nc6 Bxc6 35.Rxc6 f5 36.h4 Rd1+ 37.Kh2 Kg7 38.a5 Ra1 39.a6 f4 40.Rc7+ Kf6 
41.Rxh7 Kf5 42.g3 fxg3+ 43.Kxg3 Rg1+ 44.Kf2 Ra1 45.Ke3 Rd8 46.Rf7+ Ke5 47.
f4+ Kd6 48.Rf6+ Kc5 49.Rxg6 Rh8 50.Rg5+ Kb6 51.h5 Rh1 52.Rb5+ Ka7 53.Rb7+ 
Ka8 54.Rd7 R1xh5 55.Bd5+ Rxd5 56.Rxd5 Ka7 57.Rd6 Rh3+ 58.Ke4 Rxb3 59.f5 
Rb1 60.Ke5 Rf1 61.Ke6 Re1+ 62.Kf7 Rf1 63.f6 Ka8 64.Ke7 Re1+ 65.Re6 Rf1 66.
f7 1-0

[Event "26th EUR-ch"]
[Site "Katowice POL"]
[Date "2026.04.14"]
[Round "7.143"]
[White "Tsaknakis, Zisis"]
[Black "Golsta, Madara"]
[Result "1-0"]
[WhiteElo "2307"]
[BlackElo "2008"]
[EventDate "2026.04.07"]
[PlyCount "99"]

1.e4 c5 2.Nf3 g6 3.d4 cxd4 4.Nxd4 Bg7 5.c4 Nc6 6.Be3 Qb6 7.Nb3 Qd8 8.Qd2 
Nf6 9.Nc3 d6 10.Be2 O-O 11.O-O a5 12.Nd4 Ng4 13.Bxg4 Bxg4 14.b3 Bd7 15.a4 
Rc8 16.Ndb5 Ne5 17.Nd5 Rc6 18.Rad1 Be6 19.Bd4 Nd7 20.Bxg7 Kxg7 21.Nd4 Bxd5
22.exd5 Rc8 23.Rfe1 Re8 24.Re3 Nf6 25.Rde1 b6 26.Nc6 Rxc6 27.dxc6 Qc7 28.
h3 e5 29.f4 e4 30.Qc3 h6 31.g4 g5 32.fxg5 hxg5 33.Rxe4 Rxe4 34.Rxe4 Qxc6 
35.Re3 d5 36.cxd5 Qxd5 37.Qe5 Qd1+ 38.Kf2 Qd2+ 39.Re2 Qc1 40.Qe3 Qc6 41.
Qxg5+ Kh7 42.Qf5+ Kg7 43.Qe5 Kg6 44.g5 Nd5 45.Rd2 Qc5+ 46.Qd4 Nf4 47.Qxc5 
bxc5 48.h4 Kh5 49.Kg3 Ne6 50.Rd6 1-0

[Event "26th EUR-ch"]
[Site "Katowice POL"]
[Date "2026.04.14"]
[Round "7.144"]
[White "Yekeler, Kerem Sarp"]
[Black "Vasynda, Oleksandr"]
[Result "1-0"]
[WhiteElo "2116"]
[BlackElo "2306"]
[EventDate "2026.04.07"]
[PlyCount "101"]

1.e4 c5 2.Nc3 Nc6 3.Nge2 g6 4.d4 cxd4 5.Nxd4 Bg7 6.Be3 Nf6 7.Nxc6 bxc6 8.
e5 Nd5 9.Nxd5 cxd5 10.Qxd5 Rb8 11.O-O-O Qc7 12.Bd4 O-O 13.b3 Bb7 14.Qc5 
Qd8 15.e6 Bh6+ 16.Be3 Bxe3+ 17.Qxe3 fxe6 18.Bc4 Rf6 19.Qxa7 Bc6 20.Rhe1 
Ra8 21.Qc5 Qe8 22.a4 Rc8 23.Qd4 Qf8 24.g3 Rxf2 25.Rf1 Rf6 26.a5 Ra8 27.a6 
Bf3 28.Rd2 Bc6 29.Rdf2 Rxf2 30.Rxf2 Qb8 31.Qc5 Qe8 32.h4 Rc8 33.Qe5 Rd8 
34.h5 gxh5 35.Bd3 Bd5 36.Qg5+ Kh8 37.Qe5+ Kg8 38.g4 h4 39.Rh2 Qf7 40.Rxh4 
Qf6 41.Qh5 Qa1+ 42.Kd2 Qa5+ 43.Ke2 Bf3+ 44.Kxf3 Rf8+ 45.Ke2 Rf2+ 46.Kxf2 
Qd2+ 47.Be2 Qf4+ 48.Kg2 Qe4+ 49.Bf3 Qxc2+ 50.Kh3 Qd3 51.Qxh7+ 1-0

[Event "26th EUR-ch"]
[Site "Katowice POL"]
[Date "2026.04.14"]
[Round "7.145"]
[White "Palamarchuk, Andriy"]
[Black "Paikens, Reinis"]
[Result "1/2-1/2"]
[WhiteElo "2110"]
[BlackElo "2302"]
[EventDate "2026.04.07"]
[PlyCount "170"]

1.e4 d5 2.exd5 Nf6 3.Nf3 Nxd5 4.d4 e6 5.c4 Nf6 6.Nc3 Be7 7.g3 b6 8.Bg2 Bb7
9.Be3 O-O 10.O-O Na6 11.Qe2 c5 12.Rfd1 cxd4 13.Bxd4 Qc8 14.Rac1 Rd8 15.Ne5
Bxg2 16.Kxg2 Nd7 17.Qf3 Nxe5 18.Bxe5 Qc5 19.Bd6 Bxd6 20.Ne4 Qe5 21.Nxd6 
Qf6 22.Qxf6 gxf6 23.Nb5 Nb4 24.Nc3 Kf8 25.Kf1 Nd3 26.Rc2 Ne5 27.b3 Nf3 28.
h4 f5 29.Rb2 Rxd1+ 30.Nxd1 Rd8 31.Ne3 Nd2+ 32.Ke2 Ne4 33.Kf3 Ke7 34.g4 Nd6
35.gxf5 Nxf5 36.Nxf5+ exf5 37.Ke3 Rg8 38.Rd2 Rg1 39.Rd5 Ke6 40.Rd8 Ra1 41.
Rd2 Rh1 42.Rd4 Rh3+ 43.Ke2 h5 44.Rd8 Rxh4 45.Ra8 Re4+ 46.Kf3 h4 47.Rxa7 h3
48.Kg3 Rh4 49.Kh2 Rf4 50.Ra6 Rxf2+ 51.Kxh3 Ke5 52.Kg3 Rc2 53.Rxb6 f4+ 54.
Kf3 Rc3+ 55.Ke2 f3+ 56.Kf1 Kf4 57.Rb8 Rc1+ 58.Kf2 Rc2+ 59.Kf1 Rxa2 60.c5 
Rc2 61.b4 f6 62.Re8 Rc4 63.Rb8 f5 64.Rb7 Rc2 65.Re7 Rb2 66.c6 Rxb4 67.c7 
Rc4 68.Kf2 Rc1 69.Rd7 Rc2+ 70.Kf1 Kg3 71.Rg7+ Kf4 72.Rd7 f2 73.Kg2 f1=N+ 
74.Kxf1 Ke3 75.Re7+ Kf3 76.Ke1 f4 77.Kd1 Rc6 78.Kd2 Kg2 79.Re2+ Kg3 80.Re7
f3 81.Rg7+ Kf2 82.Rf7 Kg2 83.Ke3 Re6+ 84.Kd4 Re8 85.Kd5 f2 1/2-1/2

[Event "26th EUR-ch"]
[Site "Katowice POL"]
[Date "2026.04.14"]
[Round "7.146"]
[White "Balaji, Aaravamudhan"]
[Black "Olbrycht, Hubert"]
[Result "1/2-1/2"]
[WhiteElo "2301"]
[BlackElo "1940"]
[EventDate "2026.04.07"]
[PlyCount "128"]

1.d4 Nf6 2.c4 g6 3.Nc3 Bg7 4.e4 d6 5.Be2 O-O 6.Be3 Nc6 7.Nf3 Ng4 8.Bg5 h6 
9.Bh4 g5 10.Bg3 e5 11.dxe5 Ngxe5 12.Nxe5 dxe5 13.Qxd8 Rxd8 14.Nd5 Nd4 15.
Rc1 c6 16.Ne7+ Kf8 17.Nxc8 Raxc8 18.Bg4 Rc7 19.c5 f6 20.f3 Kg8 21.Bf2 Bf8 
22.Bxd4 Rxd4 23.Be6+ Kg7 24.Ke2 Re7 25.Bg4 Re8 26.Rhd1 Rxd1 27.Kxd1 Rd8+ 
28.Ke2 Kf7 29.Rc4 Ke8 30.Rc3 Be7 31.Bf5 Bf8 32.Bg4 Be7 33.Rc1 Rd4 34.Bc8 
Rb4 35.b3 Rb5 36.Rd1 Bxc5 37.Rd7 Be7 38.Rxb7 Rxb7 39.Bxb7 Kd7 40.Ba6 Kc7 
41.Bc4 Kb6 42.Bf7 Ka5 43.Kf2 Kb4 44.Kg3 Kc3 45.Kg4 Kd4 46.Kf5 Ke3 47.Ke6 
Bd8 48.Kd7 Bb6 49.Ke7 Kf2 50.Kxf6 Bd4 51.Kg7 Kxg2 52.Bh5 Kxh2 53.Kxh6 Kg3 
54.Kxg5 Kf2 55.Kf5 Ke3 56.Ke6 Kd3 57.Kd6 c5 58.Bf7 Kc3 59.Bc4 Kb4 60.f4 
exf4 61.e5 a5 62.e6 Bf6 63.e7 Bxe7+ 64.Kxe7 a4 1/2-1/2

[Event "26th EUR-ch"]
[Site "Katowice POL"]
[Date "2026.04.14"]
[Round "7.147"]
[White "Bendayan Claros, Aaron"]
[Black "Frankiv, Oleksandr"]
[Result "1-0"]
[WhiteElo "2296"]
[BlackElo "1892"]
[EventDate "2026.04.07"]
[PlyCount "107"]

1.d4 d5 2.c4 c5 3.cxd5 Qxd5 4.Nf3 cxd4 5.Nc3 Qa5 6.Nxd4 e5 7.Nb3 Qc7 8.e4 
Bb4 9.Bd2 Bxc3 10.Bxc3 Nc6 11.Bb5 Nf6 12.Qe2 O-O 13.O-O Bg4 14.f3 Be6 15.
Bxc6 Qxc6 16.Rfc1 Bxb3 17.axb3 Qb6+ 18.Qf2 Qxf2+ 19.Kxf2 Nd7 20.Rd1 Nc5 
21.b4 Na6 22.Rd7 f6 23.Rxb7 Rfb8 24.Rxb8+ Nxb8 25.Rd1 Nc6 26.b5 Nd8 27.Rd7
Ne6 28.Ke3 Nc5 29.Rc7 Ne6 30.Re7 Nc5 31.Bb4 Nb3 32.Rb7 h6 33.Bd6 Rd8 34.
Rb8 Rxb8 35.Bxb8 Nd4 36.Bxa7 Nxb5 37.Bc5 Kf7 38.Kd3 Ke8 39.Kc4 Nc7 40.g3 
Kd7 41.b4 Ne6 42.Be3 Kc6 43.b5+ Kb7 44.f4 exf4 45.gxf4 Kc7 46.f5 Nd8 47.
Kd5 Kd7 48.Bc5 h5 49.Bf8 Nb7 50.b6 h4 51.h3 Nd8 52.Bxg7 Ke7 53.Bh6 Kd7 54.
Bf4 1-0

[Event "26th EUR-ch"]
[Site "Katowice POL"]
[Date "2026.04.14"]
[Round "7.148"]
[White "Szente Varga, Fruzsina"]
[Black "Nakonechnyi, Oleksii"]
[Result "0-1"]
[WhiteElo "2078"]
[BlackElo "2296"]
[EventDate "2026.04.07"]
[PlyCount "40"]

1.e4 c5 2.Nf3 g6 3.c3 d5 4.e5 Nc6 5.Bb5 Bd7 6.Bxc6 Bxc6 7.O-O d4 8.cxd4 
cxd4 9.d3 Nh6 10.Nbd2 Bg7 11.Ne4 Qd5 12.Bf4 O-O 13.h3 f5 14.Neg5 Nf7 15.
Nxf7 Rxf7 16.Qd2 g5 17.Bxg5 Bxe5 18.Rac1 Bd6 19.Bh6 Rf6 20.Nh4 f4 0-1

[Event "26th EUR-ch"]
[Site "Katowice POL"]
[Date "2026.04.14"]
[Round "7.149"]
[White "Korniichuk, Oleksandra"]
[Black "Rekuc, Patryk"]
[Result "0-1"]
[WhiteElo "2055"]
[BlackElo "2280"]
[EventDate "2026.04.07"]
[PlyCount "92"]

1.e4 c5 2.Nf3 d6 3.d4 cxd4 4.Nxd4 Nf6 5.Nc3 a6 6.h3 e5 7.Nf3 h6 8.Bc4 Be7 
9.Be3 Be6 10.Bb3 Nbd7 11.Nh4 O-O 12.Qf3 Nxe4 13.Nxe4 Bxh4 14.Nxd6 Qa5+ 15.
Bd2 Qb6 16.Ne4 Bxb3 17.axb3 f5 18.Qh5 Be7 19.Nc3 Qe6 20.O-O-O Rac8 21.Qe2 
Rc6 22.f4 e4 23.g4 Nf6 24.g5 hxg5 25.fxg5 Nd5 26.Nxd5 Qxd5 27.Kb1 Qe6 28.
Bf4 Rfc8 29.Rh2 Bd6 30.Qe3 Bc5 31.Qg3 Qg6 32.h4 Qh5 33.Rd7 Qe8 34.Rd5 Rd8 
35.Rxd8 Qxd8 36.h5 Qd1+ 37.Ka2 Qf3 38.Qh4 Qg4 39.Qxg4 fxg4 40.Rg2 e3 41.
Rxg4 e2 42.Bg3 Bd6 43.Bxd6 e1=Q 44.Ba3 Qd1 45.Rh4 Rxc2 46.g6 Rc1 0-1

[Event "26th EUR-ch"]
[Site "Katowice POL"]
[Date "2026.04.14"]
[Round "7.150"]
[White "Walaszczyk, Aleksander"]
[Black "Varga, Csaba Zoltan"]
[Result "1/2-1/2"]
[WhiteElo "1879"]
[BlackElo "2280"]
[EventDate "2026.04.07"]
[PlyCount "108"]

1.e4 h6 2.d4 c6 3.c4 d6 4.f4 e5 5.Nf3 Bg4 6.dxe5 Na6 7.exd6 Bxd6 8.Be3 Nf6
9.Nc3 Qe7 10.Bd3 O-O-O 11.Qe2 Bxf3 12.gxf3 Nh5 13.e5 Bb4 14.O-O-O Bxc3 15.
bxc3 g6 16.Qf2 Qa3+ 17.Qb2 Qa5 18.Rhe1 Nc5 19.Bf1 Ne6 20.Bh3 Ng7 21.Rd6 
Rxd6 22.exd6 Nf5 23.Bxf5 Qxf5 24.Qa3 a6 25.Rd1 Rd8 26.Qb4 Qf6 27.c5 Rd7 
28.Rd2 h5 29.Kc2 Ng7 30.Qe4 Qe6 31.Kb2 Qf5 32.Bd4 Ne6 33.Qxf5 gxf5 34.Rg2 
Rd8 35.Kb3 b6 36.cxb6 Rxd6 37.Be5 Rd1 38.Kc4 Kb7 39.Rg8 Kxb6 40.Rb8+ Ka5 
41.Rh8 Ka4 42.Rxh5 f6 43.Bxf6 Rd5 44.Bd4 a5 45.Rh6 Nxf4 46.Rxc6 Rd7 47.Be5
Nd3 48.Bd6 Ne1 49.Ra6 Nxf3 50.Bb4 Ne5+ 51.Kc5 Nd3+ 52.Kc6 Ne5+ 53.Kc5 Nd3+
54.Kc6 Ne5+ 1/2-1/2

[Event "26th EUR-ch"]
[Site "Katowice POL"]
[Date "2026.04.14"]
[Round "7.151"]
[White "Lopez Martinez, Josep Manuel"]
[Black "Senel, Hayri Beyhun"]
[Result "1/2-1/2"]
[WhiteElo "2510"]
[BlackElo "2172"]
[EventDate "2026.04.07"]
[PlyCount "66"]

1.Nf3 Nf6 2.c4 e6 3.Nc3 d5 4.e3 Nbd7 5.b3 Be7 6.Bb2 c6 7.d4 b6 8.Bd3 Bb7 
9.O-O O-O 10.Qc2 h6 11.Rad1 Rc8 12.Qe2 Qc7 13.Ne5 Nxe5 14.dxe5 Nd7 15.f4 
Nc5 16.Bb1 dxc4 17.bxc4 Rcd8 18.Qc2 g6 19.Rd4 Na6 20.Ne4 c5 21.Rxd8 Rxd8 
22.Nf6+ Bxf6 23.exf6 Qd7 24.Bc3 Nb4 25.Qf2 Nd3 26.Qh4 Kh7 27.Bc2 Be4 28.g4
Qd6 29.g5 h5 30.Bd1 Kg8 31.Be2 Qf8 32.Rd1 Rd7 33.a3 Qd8 1/2-1/2

[Event "26th EUR-ch"]
[Site "Katowice POL"]
[Date "2026.04.14"]
[Round "7.152"]
[White "Sanikidze, Tornike"]
[Black "Kulich, Filip"]
[Result "1-0"]
[WhiteElo "2432"]
[BlackElo "2171"]
[EventDate "2026.04.07"]
[PlyCount "71"]

1.Nf3 Nf6 2.g3 e6 3.Bg2 d5 4.O-O Be7 5.c4 O-O 6.b3 b6 7.Bb2 Ba6 8.d3 c6 9.
Nbd2 Nbd7 10.Qc2 Rc8 11.e4 Qc7 12.Rfe1 dxe4 13.dxe4 Rfd8 14.e5 Ng4 15.h3 
Nh6 16.Ne4 Nf5 17.g4 Nh4 18.Nxh4 Bxh4 19.Nd6 Rb8 20.Rad1 Nf8 21.c5 bxc5 
22.Qxc5 Be7 23.Bc3 Qb6 24.Qa3 Bxd6 25.exd6 Rd7 26.Ba5 Qb7 27.Bc7 Rc8 28.
Rc1 Bb5 29.Qc5 Rcxc7 30.dxc7 Rxc7 31.a4 Ba6 32.Qd6 Qb6 33.Rxc6 Rxc6 34.
Qxc6 Qb4 35.Re4 Qa5 36.b4 1-0

[Event "26th EUR-ch"]
[Site "Katowice POL"]
[Date "2026.04.14"]
[Round "7.153"]
[White "Kusa, Jakub"]
[Black "Wacior, Maciej"]
[Result "1-0"]
[WhiteElo "2406"]
[BlackElo "2160"]
[EventDate "2026.04.07"]
[PlyCount "59"]

1.d4 d5 2.Nf3 Nf6 3.g3 e6 4.Bg2 Be7 5.O-O O-O 6.c4 dxc4 7.Qc2 c6 8.Qxc4 a5
9.Rd1 b5 10.Qc2 Qb6 11.Ne5 Nd5 12.Nc3 Rd8 13.a3 Bb7 14.Ne4 f6 15.Nd3 Qxd4 
16.Ndc5 Nb4 17.Rxd4 Nxc2 18.Rxd8+ Bxd8 19.Nxb7 Nxa1 20.Nxd8 Nb3 21.Be3 Nd7
22.Nxc6 Ra6 23.Nc3 b4 24.Na4 bxa3 25.bxa3 Kf7 26.f4 Na1 27.Kf2 Nc2 28.Nc5 
Nxc5 29.Bxc5 Na1 30.Nb8 1-0

[Event "26th EUR-ch"]
[Site "Katowice POL"]
[Date "2026.04.14"]
[Round "7.154"]
[White "Czernek, Tymon"]
[Black "Elci, Eren"]
[Result "1-0"]
[WhiteElo "2401"]
[BlackElo "2159"]
[EventDate "2026.04.07"]
[PlyCount "51"]

1.e4 c5 2.Nf3 d6 3.d4 cxd4 4.Nxd4 Nf6 5.Nc3 g6 6.f3 Bg7 7.Be3 O-O 8.Qd2 
Nc6 9.Bc4 Nxd4 10.Bxd4 Qa5 11.O-O-O Be6 12.Bxe6 fxe6 13.Kb1 Rfc8 14.Rhe1 
Nd7 15.Bxg7 Kxg7 16.f4 Rc4 17.e5 d5 18.f5 exf5 19.Qg5 Re8 20.Nxd5 Rg4 21.
Qc1 Nf8 22.e6 Qc5 23.Nf4 Qf2 24.Rf1 Qh4 25.Rf3 Qxh2 26.Rh1 1-0

[Event "26th EUR-ch"]
[Site "Katowice POL"]
[Date "2026.04.14"]
[Round "7.155"]
[White "Pavlidou, Ekaterini"]
[Black "Kuegel, Tobias"]
[Result "1-0"]
[WhiteElo "2166"]
[BlackElo "2398"]
[EventDate "2026.04.07"]
[PlyCount "97"]

1.d4 Nf6 2.c4 c5 3.d5 b5 4.cxb5 a6 5.bxa6 e6 6.Nc3 exd5 7.Nxd5 Nxa6 8.Bg5 
Be7 9.Nxe7 Qxe7 10.Nf3 h6 11.Bd2 Qe4 12.a3 c4 13.e3 Nc5 14.Bb4 Nb3 15.Nd2 
Nxd2 16.Qxd2 Nd5 17.Bc5 Ba6 18.Rd1 Nf6 19.Bd6 Rc8 20.f3 Qe6 21.Qd4 Bb7 22.
Be2 Bd5 23.Bb4 c3 24.bxc3 d6 25.e4 Bb3 26.Bb5+ Kf8 27.Qxd6+ Kg8 28.Qxe6 
fxe6 29.Rb1 Bc4 30.Bxc4 Rxc4 31.O-O Kf7 32.Rfd1 Rb8 33.Ra1 g5 34.a4 g4 35.
a5 gxf3 36.gxf3 Rcc8 37.Kf2 Rb5 38.a6 Rh5 39.a7 Ra8 40.Bd6 e5 41.h4 Nd7 
42.Kg3 Rg8+ 43.Kh3 Nb6 44.Rdb1 Nc4 45.a8=Q Rxa8 46.Rxa8 Nxd6 47.Kg4 Nb7 
48.Rxb7+ Kg6 49.Ra6# 1-0

[Event "26th EUR-ch"]
[Site "Katowice POL"]
[Date "2026.04.14"]
[Round "7.156"]
[White "Chojnacki, Slawomir"]
[Black "Kiolbasa, Oliwia"]
[Result "0-1"]
[WhiteElo "2166"]
[BlackElo "2394"]
[EventDate "2026.04.07"]
[PlyCount "68"]

1.d4 d5 2.Bf4 c5 3.e3 cxd4 4.exd4 Nc6 5.c3 f6 6.Nf3 Bg4 7.Be2 e6 8.Qb3 Qd7
9.Nbd2 Nge7 10.a4 Bh5 11.a5 Bf7 12.Qa4 Nf5 13.g4 Bd6 14.Nb3 Bxf4 15.Nc5 
Qc7 16.gxf5 exf5 17.a6 b6 18.Bb5 Rc8 19.Nd3 Bd6 20.Nb4 Bxb4 21.Bxc6+ Qxc6 
22.Qxb4 Bh5 23.Nd2 Qe6+ 24.Kf1 Qe2+ 25.Kg2 Qxd2 26.Rae1+ Kf7 27.Qe7+ Kg6 
28.Re3 f4 29.Rg1 fxe3 30.Kh3+ Kf5 31.Qd7+ Ke4 32.Qe6+ Kd3 33.Qf5+ Kc4 34.
Ra1 Bd1 0-1

[Event "26th EUR-ch"]
[Site "Katowice POL"]
[Date "2026.04.14"]
[Round "7.157"]
[White "Bittner, Titus"]
[Black "Rubes, Jan"]
[Result "1/2-1/2"]
[WhiteElo "2162"]
[BlackElo "2393"]
[EventDate "2026.04.07"]
[PlyCount "116"]

1.e4 c5 2.c3 d5 3.exd5 Qxd5 4.d4 Nc6 5.Nf3 Bf5 6.Be3 cxd4 7.Nxd4 Nf6 8.
Nxf5 Qxf5 9.Bd3 Qd7 10.O-O O-O-O 11.Be2 Nd5 12.Na3 Nxe3 13.Qxd7+ Rxd7 14.
fxe3 e6 15.b4 Ne5 16.Nb5 a6 17.Nd4 Be7 18.Rad1 Rhd8 19.Kf2 Rc7 20.Rc1 Kb8 
21.Rc2 Rdc8 22.Rfc1 Nc4 23.Bxc4 Rxc4 24.a3 g6 25.Ke2 a5 26.Kd3 e5 27.Nb3 
b6 28.Nc5 Bxc5 29.Kxc4 Bxe3+ 30.Kd5 Bxc1 31.Rxc1 axb4 32.axb4 f6 33.c4 Kb7
34.c5 bxc5 35.bxc5 Rd8+ 36.Ke6 Rd2 37.Kxf6 Rxg2 38.Kxe5 Rxh2 39.c6+ Kc7 
40.Kf6 Rh5 41.Rc4 g5 42.Ke5 h6 43.Kf5 Rh1 44.Rc2 Rh4 45.Rc1 g4 46.Kf4 h5 
47.Kg3 Rh3+ 48.Kg2 Rd3 49.Rc4 Rd6 50.Rc5 h4 51.Rg5 Rd2+ 52.Kg1 Rd4 53.Rg6 
h3 54.Kh2 Rd2+ 55.Kg1 Rg2+ 56.Kh1 Kb6 57.c7+ Kxc7 58.Rc6+ Kxc6 1/2-1/2